000 00885nam a2200229Ia 4500
003 IN-BaIIA
008 211028s9999 xx 000 0 eng d
020 _a978-3-642-00836-8
040 _cIIA Library
080 _a532
_bBER
111 _aLectures Given At the C.I.M.E Summer School
_cCetraro, Italy
_d2001 July 2-10
_936927
245 0 _aLectures on topological Fluid Mechanics
_bproceedings of thelectures given at the C.I.M.E summer school held in Cetraro, Italy: July 2-10, 2001
_cedited by Mitchell A Berger..[et.al]
260 _aBerlin
_bSpringer-Verlag
_c2009
300 _axii, 221p.
650 _aFluidMechanics
_936928
650 _aMathematics
_982
650 _aTopology
_94373
700 _aBerger, Mitchell A., ed.
_936929
700 _aKauffman, Louis H., ed.
_936930
700 _aKhesin, Boris., ed.
_936931
942 _cBK
999 _c19321
_d19321